Física elemental : para cuarto año /
Guardado en:
| Autor Principal: | |
|---|---|
| Formato: | Libro |
| Publicado: |
Buenos Aires :
Kapelusz,
1959
|
| Edición: | 9a. ed. |
| Materias: | |
| Etiquetas: |
Agregar Etiqueta
Sin Etiquetas, Sea el primero en etiquetar este registro!
|
| LEADER | 01245nam a22003255a 4500 | ||
|---|---|---|---|
| 001 | CEM.cems004085 | ||
| 005 | 20060216000000.0 | ||
| 008 | 130507s1959##################000#0#####d | ||
| 003 | CEMS | ||
| 082 | 0 | 4 | |a 530 |
| 100 | 1 | |a Maiztegui, Alberto P | |
| 245 | 1 | 0 | |a Física elemental : |b para cuarto año / |
| 250 | |a 9a. ed. | ||
| 260 | |a Buenos Aires : |b Kapelusz, |c 1959 | ||
| 300 | |a 173 p. | ||
| 505 | 0 | |a Optica. Magnetismo. Electricidad | |
| 653 | |a Acustica | ||
| 653 | |a Electricidad | ||
| 653 | |a Electrodinamica | ||
| 653 | |a Electromagnetismo | ||
| 653 | |a Electrostatica | ||
| 859 | |a CEMS |b BIB. CEMS - 11 de abril |h 530 |i M287-1a9 |p 10499.81 |t Ej.9 | ||
| 859 | |a CEMS |b BIB. CEMS - 11 de abril |h 530 |i M287-1a9 |p 1291.73 |t Ej.1 | ||
| 859 | |a CEMS |b BIB. CEMS - 11 de abril |h 530 |i M287-1a9 |p 1292.73 |t Ej.2 | ||
| 859 | |a CEMS |b BIB. CEMS - 11 de abril |h 530 |i M287-1a9 |p 2247.74 |t Ej.3 | ||
| 859 | |a CEMS |b BIB. CEMS - 11 de abril |h 530 |i M287-1a9 |p 2248.74 |t Ej.4 | ||
| 859 | |a CEMS |b BIB. CEMS - 11 de abril |h 530 |i M287-1a9 |p 3586.75 |t Ej.5 | ||
| 859 | |a CEMS |b BIB. CEMS - 11 de abril |h 530 |i M287-1a9 |p 3587.75 |t Ej.6 | ||
| 859 | |a CEMS |b BIB. CEMS - 11 de abril |h 530 |i M287-1a9 |p 3588.75 |t Ej.7 | ||
| 859 | |a CEMS |b BIB. CEMS - 11 de abril |h 530 |i M287-1a9 |p 3590.75 |t Ej.8 | ||
